A history of Chinese philosophy

Spremljeno u:
Bibliografski detalji
Glavni autor: Fung Yu-lan
Format: Knjiga
Jezik:Undetermined
Izdano: New York The Free Press 1966
Teme:
Oznake: Dodaj oznaku
Bez oznaka, Budi prvi tko označuje ovaj zapis!
Thư viện lưu trữ: Trung tâm Học liệu Trường Đại học Cần Thơ
LEADER 00495nam a2200181Ia 4500
001 CTU_90485
008 210402s9999 xx 000 0 und d
082 |a 181.11 
082 |b Y94 
100 |a Fung Yu-lan 
245 2 |a A history of Chinese philosophy 
245 0 |c Fung Yu-lan; translated by Derk Bodde 
260 |a New York 
260 |b The Free Press 
260 |c 1966 
650 |a philosophy, chinese 
904 |i Nguyên 
980 |a Trung tâm Học liệu Trường Đại học Cần Thơ